[Event "Bengaluru Karnataka op"]
[Site "Bengaluru"]
[Date "2023.05.27"]
[Round "3"]
[White "Medhvansh, Madeti"]
[Black "Shet, Prajwal P"]
[Result "0-1"]
[WhiteElo "1367"]
[BlackElo "2096"]
[PlyCount "72"]
[EventDate "2023.05.26"]
[EventType "swiss"]
[EventRounds "9"]
[EventCountry "IND"]
[SourceTitle "CBM 214 Extra"]
[Source "ChessBase"]
[SourceDate "2023.07.31"]
[SourceVersion "1"]
[SourceVersionDate "2023.07.31"]
[SourceQuality "1"]

1. e4 c5 2. Nf3 Nc6 3. d4 cxd4 4. Nxd4 Nf6 5. Nc3 e5 6. Ndb5 d6 7. Bg5 a6 8. Na3 b5 9. Bxf6 gxf6 10. Nd5 f5 11. exf5 Bxf5 12. Bd3 Bg6 13. Qf3 Bg7 14. Nxb5 axb5 15. Bxb5 0-0 16. Bxc6 Rc8 17. Nb4 Qb6 18. Nd5 Qd8 19. Nb4 e4 20. Qb3 Qb6 21. Nd5 Qa5+ 22. c3 Kh8 23. Nb4 Qc5 24. Bb7 Rb8 25. Na6 Qa7 26. Nxb8 Rxb8 27. 0-0 Rxb7 28. Qc4 Be5 29. Rab1 e3 30. Rbe1 exf2+ 31. Rxf2 Rxb2 32. Ref1 Bxh2+ 33. Kxh2 Rxf2 34. Re1 Rf5 35. Re8+ Kg7 36. Qc8 Kh6 0-1

[Event "IND-ch U13 35th"]
[Site "Puducherry"]
[Date "2022.12.15"]
[Round "8"]
[White "Arjun, Adireddy"]
[Black "Medhvansh, Madeti"]
[Result "1-0"]
[WhiteElo "1980"]
[BlackElo "1415"]
[PlyCount "103"]
[EventDate "2022.12.11"]
[EventType "swiss"]
[EventRounds "11"]
[EventCountry "IND"]
[SourceTitle "EXT 2024"]
[Source "ChessBase"]
[SourceDate "2023.10.10"]
[SourceVersion "1"]
[SourceVersionDate "2023.10.10"]
[SourceQuality "1"]

1. e4 e5 2. Nf3 Nc6 3. Bb5 a6 4. Ba4 Nf6 5. 0-0 Be7 6. Re1 d6 7. c3 0-0 8. h3 b5 9. Bb3 Nb8 10. d4 Nbd7 11. Nbd2 c5 12. Nf1 Re8 13. Ng3 g6 14. d5 c4 15. Bc2 Bb7 16. Be3 Bf8 17. Qd2 Bg7 18. a4 Qc7 19. Nh2 h5 20. h4 Nc5 21. f3 Nfd7 22. Ne2 Bf6 23. g3 Reb8 24. a5 Bc8 25. Ra2 Nb7 26. Rea1 Bd8 27. Bf2 Ndc5 28. g4 hxg4 29. fxg4 Qe7 30. Kh1 Qf6 31. Qe3 g5 32. hxg5 Qxg5 33. Qf3 Qh6 34. Be3 Bg5 35. Rf1 Nd8 36. Bxg5 Qxg5 37. Ng3 Ra7 38. Raa1 Re7 39. Nf5 Bxf5 40. gxf5 Qh6 41. f6 Rc7 42. Rg1+ Kf8 43. Rg4 Ra7 44. Rag1 Ke8 45. Qf5 Nce6 46. dxe6 Nxe6 47. Rg8+ Nf8 48. Bd1 b4 49. Ba4+ Kd8 50. R1g7 Qc1+ 51. Nf1 Qh6+ 52. Kg1 1-0

[Event "IND-ch U14"]
[Site "Ahmedabad"]
[Date "2022.05.11"]
[Round "6"]
[White "Medhvansh, Madeti"]
[Black "Mayank, Chakraborty"]
[Result "0-1"]
[WhiteElo "1302"]
[BlackElo "2015"]
[PlyCount "88"]
[EventDate "2022.05.09"]
[EventType "swiss"]
[EventRounds "11"]
[EventCountry "IND"]
[SourceTitle "CBM 208 Extra"]
[Source "ChessBase"]
[SourceDate "2022.07.31"]
[SourceVersion "1"]
[SourceVersionDate "2022.07.31"]
[SourceQuality "1"]

1. e4 c5 2. Nc3 d6 3. f4 g6 4. Nf3 Bg7 5. Bc4 Nc6 6. 0-0 Nf6 7. d3 0-0 8. Qe1 Nd4 9. Qh4 Nxc2 10. Rb1 e6 11. f5 d5 12. Bb3 Nd4 13. Bg5 dxe4 14. Nxe4 Nxf5 15. Bxf6 Nxh4 16. Bxd8 Nxf3+ 17. Rxf3 Rxd8 18. Ng5 Rf8 19. Rbf1 Bxb2 20. Nxf7 Bd7 21. Nh6+ Kg7 22. Rf7+ Kxh6 23. Rxf8 Bd4+ 24. Kh1 Rxf8 25. Rxf8 e5 26. Rf7 Bb5 27. Bc4 Bc6 28. h4 e4 29. dxe4 Bxe4 30. Re7 Bc6 31. Bg8 Kh5 32. Bxh7 c4 33. Re6 Kxh4 34. Bxg6 Kg3 35. Re2 c3 36. Rc2 b5 37. Bd3 b4 38. Bf1 Be4 39. Rc1 c2 40. a3 b3 41. a4 Be3 42. a5 Bxc1 43. a6 Be3 44. Bd3 Bxg2# 0-1